Introction to Operations Research Techniques. (Record no. 2330)

MARC details
005 - DATE AND TIME OF LATEST TRANSACTION
control field 20250515151755.0
020 ## - INTERNATIONAL STANDARD BOOK NUMBER
International Standard Book Number 0-205-07718-8
082 ## - DEWEY DECIMAL CLASSIFICATION NUMBER
Classification number 658.403 DAE
100 ## - MAIN ENTRY--PERSONAL NAME
Author name DAELLENBACH, H, G.
245 ## - TITLE STATEMENT
Title Introction to Operations Research Techniques.
250 ## - EDITION STATEMENT
Edition statement 2rd Ed
260 ## - PUBLICATION, DISTRIBUTION, ETC.
Place of publication, distribution, etc. London,
Name of publisher, distributor, etc. Allyn and Bacon,
Date of publication, distribution, etc. 1983.
300 ## - PHYSICAL DESCRIPTION
Extent xvii,711p.: ill.; figure, table
Other physical details Index
Dimensions 23cm.
700 ## - ADDED ENTRY--PERSONAL NAME
Other authors/Editors GEOGRE, J. A. & McNICKLE, D. C.
942 ## - ADDED ENTRY ELEMENTS (KOHA)
Source of classification or shelving scheme Dewey Decimal Classification
Koha item type Books
Holdings
Date last seen Total checkouts Full call number Barcode Cost, replacement price Price effective from Koha item type Lost status Source of classification or shelving scheme Damaged status Not for loan Withdrawn status Home library Current library Shelving location Date acquired Cost, normal purchase price
05/15/2025   658.403 DAE 0000008901 60000.00 05/15/2025 Books   Dewey Decimal Classification       College of Business Education Main Library College of Business Education Main Library General Collection 07/07/1991 20000.00
05/15/2025   658.403 DAE 0000008902 60000.00 05/15/2025 Books   Dewey Decimal Classification       College of Business Education Main Library College of Business Education Main Library General Collection 07/07/1991 20000.00
05/15/2025   658.403 DAE 0000008903 60000.00 05/15/2025 Books   Dewey Decimal Classification       College of Business Education Main Library College of Business Education Main Library General Collection 07/07/1991 20000.00
05/15/2025   658.403 DAE 0000008904 60000.00 05/15/2025 Books   Dewey Decimal Classification       College of Business Education Main Library College of Business Education Main Library General Collection 07/07/1991 20000.00